[Event "Vsetin op"]
[Site "Vsetin CZE"]
[Date "2015.07.10"]
[Round "8"]
[White "Motuz, Karol"]
[Black "Golubka, Petro"]
[Result "1/2-1/2"]
[WhiteElo "2332"]
[BlackElo "2407"]
[WhiteFideId "-1"]
[BlackFideId "-1"]
[PlyCount "114"]
[GameId "2130307657492454"]
[EventDate "2015.07.04"]
[EventType "swiss"]
[EventRounds "9"]
[EventCountry "CZE"]
[SourceTitle "Mega2015 Update 34"]
[Source "Chessbase"]
[SourceDate "2015.07.16"]
[SourceVersion "1"]
[SourceVersionDate "2015.07.16"]
[SourceQuality "1"]

1. d4 d5 2. Nf3 e6 3. c4 c5 4. cxd5 exd5 5. g3 Nc6 6. Bg2 Nf6 7. O-O Be7 8. Nc3 O-O 9. dxc5 Bxc5 10. Na4 Be7 11. Be3 Re8 12. Rc1 Bg4 13. h3 Bf5 14. Nd4 Bd7 15. Nxc6 Bxc6 16. Nc3 Ne4 17. Bd4 Qd7 18. Qd3 Ng5 19. Be3 d4 20. Qxd4 Nxh3+ 21. Kh2 Qxd4 22. Bxd4 Ng5 23. Bxc6 bxc6 24. Na4 Ne6 25. Be3 c5 26. Rc4 Rad8 27. Rfc1 h5 28. Kg2 g6 29. R1c2 Rd5 30. b3 Kg7 31. Rd2 Rxd2 32. Bxd2 Rd8 33. Be3 Rd5 34. Nc3 Rd7 35. Ne4 Rc7 36. Nc3 Rd7 37. Ra4 Bd8 38. Rc4 Be7 39. Na4 Rd5 40. Nb2 Bf6 41. Nd3 Be7 42. Kf3 f5 43. Ra4 Rd7 44. Ra6 Bd6 45. Rc6 Kf7 46. Nxc5 Bxc5 47. Bxc5 Rd2 48. Bxa7 Rxa2 49. Be3 g5 50. b4 f4 51. gxf4 gxf4 52. Bc5 Kf6 53. b5 Ke5 54. Rc8 Ra5 55. Rh8 Nxc5 56. Rxh5+ Kd6 57. Kxf4 Rxb5 1/2-1/2

[Event "Vsetin op"]
[Site "Vsetin CZE"]
[Date "2015.07.11"]
[Round "9"]
[White "Golubka, Petro"]
[Black "Plat, Vojtech"]
[Result "0-1"]
[WhiteElo "2407"]
[BlackElo "2459"]
[WhiteFideId "-1"]
[BlackFideId "-1"]
[PlyCount "66"]
[GameId "2130307657492474"]
[EventDate "2015.07.04"]
[EventType "swiss"]
[EventRounds "9"]
[EventCountry "CZE"]
[SourceTitle "Mega2015 Update 34"]
[Source "Chessbase"]
[SourceDate "2015.07.16"]
[SourceVersion "1"]
[SourceVersionDate "2015.07.16"]
[SourceQuality "1"]

1. d4 Nf6 2. c4 e6 3. Nc3 Bb4 4. Qb3 c5 5. dxc5 Bxc5 6. Nf3 Nc6 7. e3 O-O 8. Be2 b6 9. O-O Bb7 10. a3 Rc8 11. Bd2 Na5 12. Qa2 Bd6 13. b3 Ng4 14. g3 Qf6 15. e4 Ne5 16. Ne1 Qg6 17. Ng2 h5 18. Rad1 Bb8 19. f3 Rfd8 20. Be3 Qh7 21. Bd4 Ng6 22. f4 h4 23. Bf3 e5 24. fxe5 hxg3 25. hxg3 Nc6 26. Qf2 Nxd4 27. Rxd4 Nxe5 28. Nd5 Re8 29. Ndf4 Rc6 30. Nh4 g5 31. Bg2 gxh4 32. gxh4 Rf6 33. h5 Qh6 0-1

[Event "Vaxjo Visma IM-B"]
[Site "Vaxjo"]
[Date "2015.06.26"]
[Round "5"]
[White "Golubka, Petro"]
[Black "Rahul, Kumar Pune"]
[Result "1-0"]
[WhiteElo "2383"]
[BlackElo "2138"]
[WhiteFideId "-1"]
[BlackFideId "-1"]
[PlyCount "69"]
[GameId "1166659481120768"]
[EventDate "2015.06.24"]
[EventType "tourn"]
[EventRounds "9"]
[EventCountry "SWE"]
[EventCategory "4"]
[SourceTitle "CBM 167 Extra"]
[Source "ChessBase"]
[SourceDate "2015.09.14"]
[SourceVersion "1"]
[SourceVersionDate "2015.09.14"]
[SourceQuality "1"]

1. d4 Nf6 2. c4 c5 3. d5 e5 4. Nc3 d6 5. e4 Be7 6. Be2 a6 7. h4 h6 8. Be3 Bd7 9. f4 Nh7 10. fxe5 Bxh4+ 11. Kd2 Bg5 12. exd6 Qf6 13. Nf3 Bxe3+ 14. Kxe3 O-O 15. Qe1 Bg4 16. Qh4 h5 17. Qxf6 Nxf6 18. Kf4 Nbd7 19. e5 Nh7 20. Bd3 g6 21. Rae1 Rae8 22. Bc2 g5+ 23. Nxg5 Nxg5 24. Kxg5 Nxe5 25. Ne4 Nd7 26. Ba4 Re5+ 27. Kf4 Rf5+ 28. Kg3 Ne5 29. b3 Kh8 30. Ref1 Rxf1 31. Rxf1 Rg8 32. Nf6 Rg6 33. Nxg4 hxg4 34. Rf5 f6 35. Be8 1-0

[Event "Visma IM-B"]
[Site "Vaxjo SWE"]
[Date "2015.06.24"]
[Round "1"]
[White "Golubka, Petro"]
[Black "Drugge, Patrick"]
[Result "1-0"]
[WhiteElo "2383"]
[BlackElo "2175"]
[WhiteFideId "-1"]
[BlackFideId "-1"]
[PlyCount "51"]
[GameId "2130307657931312"]
[EventDate "2015.06.24"]
[EventType "tourn"]
[EventRounds "9"]
[EventCountry "SWE"]
[EventCategory "4"]
[SourceTitle "Mega2015 Update 32"]
[Source "Chessbase"]
[SourceDate "2015.07.03"]
[SourceVersion "1"]
[SourceVersionDate "2015.07.03"]
[SourceQuality "1"]

1. d4 d5 2. Nf3 c6 3. c4 e6 4. Nc3 f5 5. g4 fxg4 6. Ne5 Nf6 7. Bg5 Be7 8. Qc2 Nbd7 9. O-O-O Nxe5 10. dxe5 Nd7 11. Bf4 Bg5 12. e3 Bxf4 13. exf4 O-O 14. Ne2 Nb6 15. h3 g3 16. c5 Nd7 17. fxg3 Qa5 18. Nd4 Nxc5 19. a3 Bd7 20. h4 Rae8 21. Nf3 h6 22. Bg2 b6 23. Qg6 b5 24. Ng5 hxg5 25. hxg5 Rf7 26. Rh8+ 1-0

[Event "Visma IM-B"]
[Site "Vaxjo SWE"]
[Date "2015.06.25"]
[Round "2"]
[White "Christiansen, Johan Sebastian"]
[Black "Golubka, Petro"]
[Result "0-1"]
[WhiteElo "2398"]
[BlackElo "2383"]
[WhiteFideId "-1"]
[BlackFideId "-1"]
[PlyCount "132"]
[GameId "2130307657931317"]
[EventDate "2015.06.24"]
[EventType "tourn"]
[EventRounds "9"]
[EventCountry "SWE"]
[EventCategory "4"]
[SourceTitle "Mega2015 Update 32"]
[Source "Chessbase"]
[SourceDate "2015.07.03"]
[SourceVersion "1"]
[SourceVersionDate "2015.07.03"]
[SourceQuality "1"]

1. c4 e5 2. Nc3 Bb4 3. Nf3 Nc6 4. g3 Nf6 5. Nd5 e4 6. Nh4 O-O 7. Bg2 Re8 8. O-O d6 9. d3 Nxd5 10. cxd5 exd3 11. Qxd3 Ne5 12. Qc2 Bc5 13. Bd2 a5 14. Bc3 Bd7 15. h3 Ng6 16. Nf3 Qc8 17. Kh2 Bf5 18. Qd2 a4 19. Nd4 Be4 20. Bxe4 Rxe4 21. f3 Re8 22. e4 Ne7 23. Ne2 c6 24. Nf4 cxd5 25. Nh5 d4 26. Bxd4 Bxd4 27. Qxd4 f6 28. Rfc1 Qd8 29. Rd1 d5 30. Nf4 a3 31. b3 Rc8 32. Qf2 f5 33. exd5 Qd6 34. Rd2 Ng6 35. Ne6 f4 36. g4 Ne5 37. Rf1 Rc3 38. Qe2 Re3 39. Qd1 Rc8 40. Nd4 g6 41. Kg2 Rc5 42. Nc2 Rec3 43. Nxa3 Qf6 44. d6 Qh4 45. Qe1 Nxf3 46. Qxh4 Nxh4+ 47. Kh2 Rc8 48. d7 Rd8 49. Rd5 Nf3+ 50. Kg2 Nh4+ 51. Kh2 Nf3+ 52. Kh1 Kg7 53. Nb5 Re3 54. Nd6 Ne5 55. Nxb7 Rxh3+ 56. Kg2 Rg3+ 57. Kf2 Rxd7 58. Rxd7+ Nxd7 59. Re1 Nf6 60. Re7+ Kf8 61. Rc7 Nxg4+ 62. Kf1 f3 63. Rxh7 Rg2 64. Ke1 Ne3 65. Rh8+ Kg7 66. Rh1 Re2# 0-1

[Event "Visma IM-B"]
[Site "Vaxjo SWE"]
[Date "2015.06.25"]
[Round "3"]
[White "Golubka, Petro"]
[Black "Fries Nielsen, Jens Ove"]
[Result "1-0"]
[WhiteElo "2383"]
[BlackElo "2442"]
[WhiteFideId "-1"]
[BlackFideId "-1"]
[PlyCount "45"]
[GameId "2130307657931322"]
[EventDate "2015.06.24"]
[EventType "tourn"]
[EventRounds "9"]
[EventCountry "SWE"]
[EventCategory "4"]
[SourceTitle "Mega2015 Update 32"]
[Source "Chessbase"]
[SourceDate "2015.07.03"]
[SourceVersion "1"]
[SourceVersionDate "2015.07.03"]
[SourceQuality "1"]

1. d4 g6 2. e4 Bg7 3. Nc3 e6 4. h4 Nc6 5. d5 exd5 6. exd5 Nd4 7. Bg5 Bf6 8. Qd2 Qe7+ 9. Nge2 Nf5 10. O-O-O h6 11. Bxf6 Nxf6 12. h5 g5 13. Re1 O-O 14. Ng3 Nxg3 15. Rxe7 Nxh1 16. d6 Nxh5 17. g3 a5 18. Bg2 Ra6 19. Ne4 cxd6 20. Bxh1 d5 21. Nc3 Nf6 22. Nxd5 Nxd5 23. Bxd5 1-0

[Event "Visma IM-B"]
[Site "Vaxjo SWE"]
[Date "2015.06.26"]
[Round "4"]
[White "Olofsson Dolk, Mattis"]
[Black "Golubka, Petro"]
[Result "0-1"]
[WhiteElo "2238"]
[BlackElo "2383"]
[WhiteFideId "-1"]
[BlackFideId "-1"]
[PlyCount "82"]
[GameId "2130307657931329"]
[EventDate "2015.06.24"]
[EventType "tourn"]
[EventRounds "9"]
[EventCountry "SWE"]
[EventCategory "4"]
[SourceTitle "Mega2015 Update 32"]
[Source "Chessbase"]
[SourceDate "2015.07.03"]
[SourceVersion "1"]
[SourceVersionDate "2015.07.03"]
[SourceQuality "1"]

1. d4 d5 2. c4 e6 3. Nc3 c5 4. cxd5 exd5 5. Nf3 Nc6 6. g3 Nf6 7. Bg2 Be7 8. O-O O-O 9. Bg5 cxd4 10. Nxd4 h6 11. Be3 Re8 12. Qa4 Bd7 13. Rfd1 Nb4 14. Qb3 a5 15. a4 Be6 16. Rac1 Bd7 17. Nc2 Bf8 18. Nxb4 axb4 19. Nb5 Bc6 20. Bf3 Qa5 21. Qd3 Ne4 22. Bd4 Ng5 23. Bg2 Ne6 24. b3 Rad8 25. e3 Ng5 26. Bb2 Ne4 27. Nd4 Bd7 28. Rc2 Nc5 29. Qe2 Ne4 30. Rdc1 Qb6 31. Nb5 Nc3 32. Bxc3 bxc3 33. Rd1 Bf5 34. Rxc3 d4 35. Rc7 dxe3 36. Rxd8 Rxd8 37. fxe3 Bc5 38. Rxb7 Bxe3+ 39. Kh1 Qf6 40. Qf1 Be4 41. Qe1 Qc6 0-1

[Event "Visma IM-B"]
[Site "Vaxjo SWE"]
[Date "2015.06.27"]
[Round "6"]
[White "Golubka, Petro"]
[Black "Pohjala, Henri"]
[Result "1-0"]
[WhiteElo "2383"]
[BlackElo "2404"]
[WhiteFideId "-1"]
[BlackFideId "-1"]
[PlyCount "159"]
[GameId "2130307657935434"]
[EventDate "2015.06.24"]
[EventType "tourn"]
[EventRounds "9"]
[EventCountry "SWE"]
[EventCategory "4"]
[SourceTitle "Mega2015 Update 32"]
[Source "Chessbase"]
[SourceDate "2015.07.03"]
[SourceVersion "1"]
[SourceVersionDate "2015.07.03"]
[SourceQuality "1"]

1. d4 d5 2. Nf3 Nf6 3. c4 c6 4. Nc3 a6 5. e3 b5 6. b3 Bg4 7. h3 Bh5 8. g4 Bg6 9. Ne5 e6 10. Bg2 Nfd7 11. Nxg6 hxg6 12. Bd2 Be7 13. a4 b4 14. Ne2 a5 15. Rc1 O-O 16. O-O Ra6 17. f4 dxc4 18. bxc4 c5 19. d5 exd5 20. cxd5 Nb6 21. e4 c4 22. Kh1 g5 23. e5 c3 24. Bxc3 bxc3 25. d6 Bxd6 26. Qxd6 Qxd6 27. exd6 Nc8 28. fxg5 Rxd6 29. Nxc3 Ne7 30. Nb5 Rd2 31. Rc7 Ng6 32. Nc3 Nd7 33. Nd5 Nde5 34. Ne7+ Nxe7 35. Rxe7 Ng6 36. Ra7 Nh4 37. Be4 Re8 38. Ra8 Rxa8 39. Bxa8 Rd4 40. Bc6 Ng6 41. Kh2 Rd2+ 42. Kg3 Ne5 43. Bb5 Rb2 44. Rf2 Rb3+ 45. Kg2 Rb4 46. Rd2 Kh7 47. Rd5 f6 48. Be8 Rb2+ 49. Kg3 Rb3+ 50. Kg2 Rb2+ 51. Kf1 Rb3 52. h4 Nxg4 53. Rxa5 fxg5 54. hxg5 Rb2 55. Ke1 Ne3 56. Ra6 Ng2+ 57. Kd1 Nf4 58. Rd6 Rg2 59. Rd4 Rg1+ 60. Kc2 Ne6 61. g6+ Kh6 62. Rc4 Rf1 63. a5 Rf2+ 64. Kb3 Rf5 65. Kb4 Nf4 66. a6 Nd5+ 67. Ka3 Nb6 68. Re4 Ra5+ 69. Kb4 Rxa6 70. Kb5 Ra1 71. Kxb6 Rf1 72. Kc5 Rf5+ 73. Kd6 Rf6+ 74. Ke7 Rf5 75. Rh4+ Kg5 76. Rh1 Ra5 77. Kf8 Ra8 78. Kxg7 Rxe8 79. Rg1+ Kh5 80. Kh7 1-0

[Event "Visma IM-B"]
[Site "Vaxjo SWE"]
[Date "2015.06.27"]
[Round "7"]
[White "Bellon Lopez, Juan Manuel"]
[Black "Golubka, Petro"]
[Result "0-1"]
[WhiteElo "2374"]
[BlackElo "2383"]
[WhiteFideId "-1"]
[BlackFideId "-1"]
[PlyCount "116"]
[GameId "2130307657935438"]
[EventDate "2015.06.24"]
[EventType "tourn"]
[EventRounds "9"]
[EventCountry "SWE"]
[EventCategory "4"]
[SourceTitle "Mega2015 Update 32"]
[Source "Chessbase"]
[SourceDate "2015.07.03"]
[SourceVersion "1"]
[SourceVersionDate "2015.07.03"]
[SourceQuality "1"]

1. b3 e5 2. Bb2 Nc6 3. e3 Nf6 4. c4 g6 5. d3 Bg7 6. Nc3 O-O 7. e4 Nh5 8. g3 d6 9. Bg2 a6 10. a3 Rb8 11. Nge2 b5 12. cxb5 axb5 13. b4 Ne7 14. Qc2 f5 15. Nxb5 c6 16. Nbc3 f4 17. f3 c5 18. b5 d5 19. g4 Nf6 20. g5 Ng4 21. fxg4 f3 22. Bh3 fxe2 23. Kxe2 d4 24. Nd1 Be6 25. a4 c4 26. Nf2 Rc8 27. Rhc1 Nd5 28. exd5 Qxg5 29. dxe6 Qe3+ 30. Kf1 cxd3 31. Bxd4 exd4 32. Qa2 Rxc1+ 33. Rxc1 Qxc1+ 34. Kg2 Qc2 35. Qxc2 dxc2 36. Nd3 Rc8 37. a5 c1=Q 38. Nxc1 Rxc1 39. a6 Ra1 40. Kf3 d3 41. Ke3 Bd4+ 42. Kxd3 Bb6 43. Bg2 Kf8 44. Bc6 Ke7 45. Bd7 Ra4 46. h3 h6 47. Bc8 Kd6 48. Kc3 g5 49. Kd3 Ra3+ 50. Ke4 Rxh3 51. Kf5 Ke7 52. Bd7 Rf3+ 53. Ke4 Rc3 54. Kf5 Rc4 55. Ke5 Rc5+ 56. Ke4 Kd6 57. Kd3 Re5 58. Bc8 Rxb5 0-1

[Event "Visma IM-B"]
[Site "Vaxjo SWE"]
[Date "2015.06.28"]
[Round "8"]
[White "Golubka, Petro"]
[Black "Von Bahr, Oskar"]
[Result "0-1"]
[WhiteElo "2383"]
[BlackElo "2381"]
[WhiteFideId "-1"]
[BlackFideId "-1"]
[PlyCount "76"]
[GameId "2130307657935443"]
[EventDate "2015.06.24"]
[EventType "tourn"]
[EventRounds "9"]
[EventCountry "SWE"]
[EventCategory "4"]
[SourceTitle "Mega2015 Update 32"]
[Source "Chessbase"]
[SourceDate "2015.07.03"]
[SourceVersion "1"]
[SourceVersionDate "2015.07.03"]
[SourceQuality "1"]

1. d4 Nf6 2. c4 g6 3. Nc3 d5 4. Nf3 Bg7 5. Qb3 dxc4 6. Qxc4 O-O 7. e4 a6 8. e5 b5 9. Qb3 Nfd7 10. h4 c5 11. e6 c4 12. Qc2 Nb6 13. exf7+ Rxf7 14. Ng5 Rf8 15. Be3 Bf5 16. Qd1 Nc6 17. g4 Bc8 18. Bg2 Nxd4 19. h5 Bxg4 20. Qd2 gxh5 21. Bxa8 Qxa8 22. Rg1 e5 23. f3 Rxf3 24. O-O-O Rf8 25. Rdf1 b4 26. Bxd4 exd4 27. Nce4 h6 28. Nf2 hxg5 29. Nxg4 hxg4 30. Qxg5 Rxf1+ 31. Rxf1 Qe8 32. Qxg4 Qe3+ 33. Kd1 Qd3+ 34. Ke1 Qe3+ 35. Kd1 c3 36. bxc3 bxc3 37. Qe2 Qxe2+ 38. Kxe2 Nc4 0-1

[Event "Visma IM-B"]
[Site "Vaxjo SWE"]
[Date "2015.06.28"]
[Round "9"]
[White "Andersson, Tommy"]
[Black "Golubka, Petro"]
[Result "1/2-1/2"]
[WhiteElo "2400"]
[BlackElo "2383"]
[WhiteFideId "-1"]
[BlackFideId "-1"]
[PlyCount "110"]
[GameId "2130307657935447"]
[EventDate "2015.06.24"]
[EventType "tourn"]
[EventRounds "9"]
[EventCountry "SWE"]
[EventCategory "4"]
[SourceTitle "Mega2015 Update 32"]
[Source "Chessbase"]
[SourceDate "2015.07.03"]
[SourceVersion "1"]
[SourceVersionDate "2015.07.03"]
[SourceQuality "1"]

1. d4 Nf6 2. c4 g6 3. f3 Bg7 4. e4 d6 5. Nc3 O-O 6. Be3 Nc6 7. Nge2 a6 8. Qd2 Rb8 9. Rc1 e5 10. d5 Ne7 11. g4 c6 12. Ng3 b5 13. b3 bxc4 14. bxc4 cxd5 15. cxd5 Ne8 16. Bd3 f5 17. gxf5 gxf5 18. exf5 Nxf5 19. Bxf5 Bxf5 20. Nxf5 Rxf5 21. O-O Nf6 22. Qd3 Qd7 23. Qxa6 e4 24. Qc6 Qe7 25. fxe4 Rxf1+ 26. Rxf1 Nxe4 27. Nxe4 Qxe4 28. Ba7 Be5 29. Qc1 Ra8 30. Rf2 Kh8 31. Rg2 Qxd5 32. Kh1 Qe4 33. a3 Qa4 34. Bb6 Qxa3 35. Qxa3 Rxa3 36. Rc2 h5 37. Bd8 Kh7 38. Kg2 Kg6 39. Bh4 d5 40. Bg3 Bf6 41. Rc6 Kf5 42. Rd6 Ra5 43. h4 Ra2+ 44. Kf1 Rd2 45. Be1 Rd4 46. Bf2 Rd2 47. Be1 Be5 48. Rh6 Ra2 49. Rxh5+ Ke4 50. Rh7 d4 51. Re7 Ra1 52. Kf2 Ra2+ 53. Kf1 Ra1 54. Kf2 Ra2+ 55. Kf1 Ra1 1/2-1/2

[Event "Kings Gambit"]
[Site "Radom POL"]
[Date "2015.05.31"]
[Round "7.1"]
[White "Bartel, Mateusz"]
[Black "Golubka, Petro"]
[Result "1-0"]
[WhiteElo "2641"]
[BlackElo "2383"]
[WhiteFideId "-1"]
[BlackFideId "-1"]
[PlyCount "71"]
[GameId "2130307658615819"]
[EventDate "2015.05.31"]
[EventType "swiss (rapid)"]
[EventRounds "9"]
[EventCountry "POL"]
[SourceTitle "The Week in Chess 1074"]
[Source "Mark Crowther"]
[SourceDate "2015.06.08"]
[SourceVersion "2"]
[SourceVersionDate "2015.06.09"]
[SourceQuality "2"]

1. e4 e5 2. f4 exf4 3. Qf3 Qh4+ 4. g3 fxg3 5. hxg3 Qf6 6. Nc3 Qxf3 7. Nxf3 c6 8. d4 Bb4 9. Bd3 d5 10. exd5 Nf6 11. dxc6 Nxc6 12. Kf2 O-O 13. Ne2 h5 14. c3 Bd6 15. Bf4 Rd8 16. Bxd6 Rxd6 17. Nf4 Bg4 18. Rae1 Bxf3 19. Kxf3 g6 20. Bb5 a6 21. Bxc6 bxc6 22. Re7 Rb8 23. Rh2 Rb5 24. Rhe2 c5 25. c4 Ra5 26. d5 Rxa2 27. Rc7 Rb6 28. Nd3 Rb3 29. Ke3 a5 30. d6 Kf8 31. Kd2 a4 32. Kc2 Rxd3 33. Kxd3 a3 34. d7 Nxd7 35. Rxd7 axb2 36. Rb7 1-0

[Event "Malopolski-ch"]
[Site "Krakow POL"]
[Date "2015.04.26"]
[Round "1"]
[White "Olesiak, Marcin"]
[Black "Golubka, Petro"]
[Result "0-1"]
[WhiteElo "1969"]
[BlackElo "2383"]
[WhiteFideId "-1"]
[BlackFideId "-1"]
[PlyCount "62"]
[GameId "2130307659548593"]
[EventDate "2015.04.26"]
[EventType "swiss"]
[EventRounds "9"]
[EventCountry "POL"]
[SourceTitle "Mega2015 Update 24"]
[Source "Chessbase"]
[SourceDate "2015.05.08"]
[SourceVersion "1"]
[SourceVersionDate "2015.05.08"]
[SourceQuality "1"]

1. d4 Nf6 2. Nf3 c5 3. e3 g6 4. Be2 Bg7 5. O-O O-O 6. b3 d5 7. Bb2 cxd4 8. exd4 Nc6 9. Nbd2 Bf5 10. c4 Ne4 11. cxd5 Qxd5 12. Bc4 Qa5 13. Nxe4 Bxe4 14. Re1 Bxf3 15. Qxf3 Nxd4 16. Bxd4 Bxd4 17. Rad1 Bc5 18. Qxb7 Qxa2 19. Re2 Qa5 20. Red2 Rab8 21. Qf3 Rb6 22. Kh1 Rf6 23. Qe2 Rxf2 24. Qd3 Rxd2 25. Qxd2 Qxd2 26. Rxd2 Kg7 27. Rd5 Bb4 28. g3 a5 29. Kg2 Rc8 30. Rd4 Rc7 31. Kf3 e5 0-1

[Event "Malopolski-ch"]
[Site "Krakow POL"]
[Date "2015.04.27"]
[Round "2"]
[White "Golubka, Petro"]
[Black "Goslawski, Michal"]
[Result "1-0"]
[WhiteElo "2383"]
[BlackElo "2151"]
[WhiteFideId "-1"]
[BlackFideId "-1"]
[PlyCount "35"]
[GameId "2130307659548602"]
[EventDate "2015.04.26"]
[EventType "swiss"]
[EventRounds "9"]
[EventCountry "POL"]
[SourceTitle "Mega2015 Update 24"]
[Source "Chessbase"]
[SourceDate "2015.05.08"]
[SourceVersion "1"]
[SourceVersionDate "2015.05.08"]
[SourceQuality "1"]

1. e4 d6 2. d4 Nf6 3. Nc3 g6 4. f4 Bg7 5. Nf3 O-O 6. Bd3 Nbd7 7. e5 Ne8 8. Ne4 c5 9. c3 Qb6 10. h4 cxd4 11. cxd4 Nb8 12. h5 Bg4 13. hxg6 hxg6 14. Nf2 Be6 15. Ng5 Qxd4 16. Nxe6 fxe6 17. Qg4 dxe5 18. Bxg6 1-0

[Event "Malopolski-ch"]
[Site "Krakow POL"]
[Date "2015.04.28"]
[Round "3"]
[White "Mucha, Roman"]
[Black "Golubka, Petro"]
[Result "0-1"]
[WhiteElo "2203"]
[BlackElo "2383"]
[WhiteFideId "-1"]
[BlackFideId "-1"]
[PlyCount "84"]
[GameId "2130307659548616"]
[EventDate "2015.04.26"]
[EventType "swiss"]
[EventRounds "9"]
[EventCountry "POL"]
[SourceTitle "Mega2015 Update 24"]
[Source "Chessbase"]
[SourceDate "2015.05.08"]
[SourceVersion "1"]
[SourceVersionDate "2015.05.08"]
[SourceQuality "1"]

1. e4 e5 2. d4 exd4 3. Qxd4 Nc6 4. Qe3 Nf6 5. Nc3 Bb4 6. Bd2 O-O 7. O-O-O Re8 8. Qg3 Rxe4 9. a3 Bd6 10. f4 Re8 11. Nf3 Bf8 12. f5 d5 13. Bg5 Bd6 14. Qh3 h6 15. Bh4 g5 16. Bf2 Bf4+ 17. Kb1 g4 18. Qh4 Bxf5 19. h3 Ne4 20. Nxd5 Bg5 21. Nxg5 hxg5 22. Qh5 Kg7 23. hxg4 Rh8 24. Qxh8+ Qxh8 25. Rxh8 Rxh8 26. gxf5 Nxf2 27. f6+ Kf8 28. Re1 Rh6 29. Bb5 Ng4 30. Bxc6 bxc6 31. Nxc7 Nxf6 32. Na6 Rh2 33. Nb4 c5 34. Nc6 a6 35. Nb8 a5 36. Re5 Rxg2 37. Rxc5 a4 38. Re5 g4 39. c4 g3 40. c5 Rg1+ 41. Kc2 g2 42. Rg5 Ne4 0-1

[Event "Malopolski-ch"]
[Site "Krakow POL"]
[Date "2015.04.29"]
[Round "4"]
[White "Golubka, Petro"]
[Black "Bus, Konrad"]
[Result "1/2-1/2"]
[WhiteElo "2383"]
[BlackElo "2159"]
[WhiteFideId "-1"]
[BlackFideId "-1"]
[PlyCount "43"]
[GameId "2130307659548624"]
[EventDate "2015.04.26"]
[EventType "swiss"]
[EventRounds "9"]
[EventCountry "POL"]
[SourceTitle "Mega2015 Update 24"]
[Source "Chessbase"]
[SourceDate "2015.05.08"]
[SourceVersion "1"]
[SourceVersionDate "2015.05.08"]
[SourceQuality "1"]

1. e4 c5 2. Nf3 e6 3. Nc3 Nc6 4. d4 cxd4 5. Nxd4 Qc7 6. Be3 Nf6 7. Bd3 Nxd4 8. Bxd4 e5 9. Nb5 Qb8 10. Be3 a6 11. Nc3 Bb4 12. O-O Bxc3 13. bxc3 Qc7 14. f4 d6 15. fxe5 dxe5 16. Rxf6 gxf6 17. Qf3 Rg8 18. Qxf6 Qe7 19. Qxe7+ Kxe7 20. Bc5+ Kd7 21. c4 Kc6 22. Be3 1/2-1/2

[Event "Malopolski-ch"]
[Site "Krakow POL"]
[Date "2015.04.30"]
[Round "5"]
[White "Barski, Radoslaw"]
[Black "Golubka, Petro"]
[Result "1/2-1/2"]
[WhiteElo "2271"]
[BlackElo "2383"]
[WhiteFideId "-1"]
[BlackFideId "-1"]
[PlyCount "50"]
[GameId "2130307659548632"]
[EventDate "2015.04.26"]
[EventType "swiss"]
[EventRounds "9"]
[EventCountry "POL"]
[SourceTitle "Mega2015 Update 24"]
[Source "Chessbase"]
[SourceDate "2015.05.08"]
[SourceVersion "1"]
[SourceVersionDate "2015.05.08"]
[SourceQuality "1"]

1. e4 c5 2. Nf3 d6 3. d4 cxd4 4. Nxd4 a6 5. c4 e6 6. Nc3 Nf6 7. Be2 Be7 8. Be3 O-O 9. O-O b6 10. Qd2 Bb7 11. f3 Nbd7 12. a4 Rc8 13. a5 d5 14. exd5 exd5 15. cxd5 bxa5 16. Nc6 Bxc6 17. d6 Re8 18. dxe7 Qxe7 19. Bf4 Nc5 20. Bc4 Bb5 21. Nxb5 axb5 22. Bxb5 Nb3 23. Qf2 Nxa1 24. Bxe8 Rc2 25. Qe3 Qxe3+ 1/2-1/2

[Event "Malopolski-ch"]
[Site "Krakow POL"]
[Date "2015.05.01"]
[Round "6"]
[White "Golubka, Petro"]
[Black "Zubov, Alexander"]
[Result "1/2-1/2"]
[WhiteElo "2383"]
[BlackElo "2608"]
[WhiteFideId "-1"]
[BlackFideId "-1"]
[PlyCount "20"]
[GameId "2130307659548647"]
[EventDate "2015.04.26"]
[EventType "swiss"]
[EventRounds "9"]
[EventCountry "POL"]
[SourceTitle "Mega2015 Update 24"]
[Source "Chessbase"]
[SourceDate "2015.05.08"]
[SourceVersion "1"]
[SourceVersionDate "2015.05.08"]
[SourceQuality "1"]

1. e4 c5 2. Nf3 e6 3. Nc3 Nc6 4. d4 cxd4 5. Nxd4 a6 6. Be3 Nf6 7. Be2 Qc7 8. O-O b5 9. Nxc6 dxc6 10. f4 b4 1/2-1/2

[Event "Malopolski-ch"]
[Site "Krakow POL"]
[Date "2015.05.01"]
[Round "7"]
[White "Gbyl, Andrzej"]
[Black "Golubka, Petro"]
[Result "1/2-1/2"]
[WhiteElo "2244"]
[BlackElo "2383"]
[WhiteFideId "-1"]
[BlackFideId "-1"]
[PlyCount "45"]
[GameId "2130307659548657"]
[EventDate "2015.04.26"]
[EventType "swiss"]
[EventRounds "9"]
[EventCountry "POL"]
[SourceTitle "Mega2015 Update 24"]
[Source "Chessbase"]
[SourceDate "2015.05.08"]
[SourceVersion "1"]
[SourceVersionDate "2015.05.08"]
[SourceQuality "1"]

1. d4 Nf6 2. Nf3 e6 3. c4 b6 4. g3 Ba6 5. b3 d5 6. cxd5 exd5 7. Bg2 Bb4+ 8. Bd2 Be7 9. Nc3 O-O 10. O-O Re8 11. a3 h6 12. Re1 Bb7 13. Bf4 c5 14. Qc2 Na6 15. Red1 Bf8 16. Bc1 Ne4 17. Nxe4 dxe4 18. dxc5 Qc7 19. Nd4 Qxc5 20. Qb1 Rad8 21. Bb2 Qh5 22. b4 Nc7 23. e3 1/2-1/2

[Event "Malopolski-ch"]
[Site "Krakow POL"]
[Date "2015.05.02"]
[Round "8"]
[White "Golubka, Petro"]
[Black "Shilov, Sergej"]
[Result "1-0"]
[WhiteElo "2383"]
[BlackElo "2145"]
[WhiteFideId "-1"]
[BlackFideId "-1"]
[PlyCount "125"]
[GameId "2130307659548667"]
[EventDate "2015.04.26"]
[EventType "swiss"]
[EventRounds "9"]
[EventCountry "POL"]
[SourceTitle "Mega2015 Update 24"]
[Source "Chessbase"]
[SourceDate "2015.05.08"]
[SourceVersion "1"]
[SourceVersionDate "2015.05.08"]
[SourceQuality "1"]

1. e4 e5 2. Nf3 Nc6 3. Bb5 a6 4. Ba4 Nf6 5. O-O Be7 6. d3 b5 7. Bb3 O-O 8. a4 Bb7 9. Re1 d6 10. Nbd2 Na5 11. Ba2 c5 12. Nf1 b4 13. Bd2 Bc8 14. Ne3 Be6 15. Bxe6 fxe6 16. c3 Rb8 17. cxb4 cxb4 18. Rc1 Qd7 19. Nc4 Nc6 20. Qb3 Nh5 21. Be3 Bd8 22. a5 Nxa5 23. Nxa5 Bxa5 24. d4 Bb6 25. dxe5 Bxe3 26. Qxe3 d5 27. g3 g6 28. Red1 Ng7 29. Ra1 Qb7 30. exd5 exd5 31. Ra5 Nf5 32. Qe2 Kh8 33. Raxd5 a5 34. Ng5 Qe7 35. h4 Rb7 36. Rxa5 Rc7 37. e6 Rc5 38. Rxc5 Qxc5 39. e7 Qxe7 40. Qxe7 Nxe7 41. Rd7 Nc6 42. Rxh7+ Kg8 43. Rb7 Rd8 44. Ne4 Rd4 45. Nf6+ Kf8 46. Kg2 Rd2 47. b3 Rd3 48. Rb6 Nd4 49. Nd7+ Ke7 50. Ne5 Rxb3 51. Nxg6+ Kf7 52. h5 Kg7 53. g4 Nf3 54. h6+ Kh7 55. Nf8+ Kh8 56. Rb7 Nh4+ 57. Kf1 Rb1+ 58. Ke2 b3 59. Rb8 b2 60. Ng6+ Kh7 61. Nxh4 Rh1 62. Rb7+ Kxh6 63. Nf5+ 1-0